| 000 | 01138nam2a22002771 4500 | ||
|---|---|---|---|
| 001 | v19\rc\1481770 | ||
| 005 | 20250618192925.0 | ||
| 035 | _a(NLR Aleph) 004679639 | ||
| 090 |
_a3789155 _c3789155 |
||
| 100 | _a20060620d1886 |||y0rusy50 ca | ||
| 101 | 1 |
_arus _clat |
|
| 102 | _aRU | ||
| 105 | _ay z ||||| | ||
| 200 | 1 |
_a[Толкования на пророка Иезекииля] _e[Кн. 1-8] |
|
| 210 |
_d1886 _aБ. м. |
||
| 215 | _a[4], 402 с. | ||
| 225 | 1 |
_a... _vКн. 17 |
|
| 461 | 0 |
_1001v19\rc\1481760 _12001#$aТворения блаженного Иеронима Стридонского$vЧ. 10 _1700#0$aИероним Блаженный$fок.340-420$3RU\NLR\AUTH\779243 _93789037 _aИероним Блаженный (ок.340-420) _cКиев _d1879- _oЧ. 1- _tТворения блаженного Иеронима Стридонского _vЧ. 10 |
|
| 540 | 1 | _aТолкования на пророка Иезекииля | |
| 702 | 0 |
_aИезекииль _4570 |
|
| 801 | 0 |
_aRU _bNLR _gpsbo |
|
| 801 | 1 |
_aRU _bProSoft-M _2rusmarc |
|
| 852 |
_aNLR _j18.252.2.1(кн.17, ч.10) |
||
| 942 | _cBOOK | ||
| 980 | _aNB | ||